| 000 | 00580nam a2200217Ia 4500 | ||
|---|---|---|---|
| 003 | OSt | ||
| 005 | 20220928133152.0 | ||
| 006 | a|||||r|||| 00| 0 | ||
| 007 | ta | ||
| 008 | 220927b |||||||| |||| 00| 0 eng d | ||
| 024 | _a47744 | ||
| 037 | _cTextual | ||
| 040 |
_aSDCL _cSDCL _beng |
||
| 041 |
_2eng _aeng |
||
| 082 | _aR3xK32, N0 | ||
| 100 |
_aLocke John _9406250 |
||
| 245 | 0 | _aQuestion s concernining the law of nature. | |
| 260 |
_aIthaca _bCornell University Press _c1990 |
||
| 942 |
_hR3xK32, N0 _cTEXL _2CC |
||
| 999 |
_c798190 _d798190 |
||